[Event "22nd ETCC Women 2019"]
[Site "Batumi"]
[Date "2019.10.28"]
[Round "5.16"]
[White "Cvitan, Ena"]
[Black "Bengtsson, Siv"]
[Result "0-1"]
[WhiteElo "2182"]
[BlackElo "2086"]
[Annotator "NA"]
[PlyCount "115"]
[EventDate "2019.10.24"]
[EventType "team-tourn"]
[EventCountry "GEO"]
[SourceTitle "playchess.com"]
[Source "ChessBase"]
[SourceQuality "1"]
[WhiteTeam "Croatia"]
[BlackTeam "Sweden"]
[WhiteTeamCountry "CRO"]
[BlackTeamCountry "SWE"]
[TimeControl "40/5400+30:1800+30"]

1. d4 {[%emt 0:00:00]} Nf6 {[%emt 0:00:00]} 2. c4 {[%emt 0:00:00]} g6 {[%emt 0:00:36]} 3. Nc3 {[%emt 0:00:00]} d5 {[%emt 0:00:49]} 4. cxd5 {[%emt 0:00:04]} Nxd5 {[%emt 0:00:24]} 5. e4 {[%emt 0:00:08]} Nxc3 {[%emt 0:00:52]} 6. bxc3 {[%emt 0:00:07]} Bg7 {[%emt 0:00:54]} 7. Bc4 {[%emt 0:00:17]} c5 {[%emt 0:02:02]} 8. Ne2 {[%emt 0:00:12]} Nc6 {[%emt 0:01:13]} 9. Be3 {[%emt 0:00:10]} O-O {[%emt 0:01:52]} 10. O-O {[%emt 0:00:07]} Qc7 {[%emt 0:01:15]} 11. Rc1 {[%emt 0:01:56]} b6 {[%emt 0:03:27]} 12. Qd2 {[%emt 0:00:57]} Bb7 {[%emt 0:01:54]} 13. Bh6 {[%emt 0:03:50]} Rad8 {[%emt 0:02:24]} 14. Bxg7 {[%emt 0:03:16]} Kxg7 {[%emt 0:00:11]} 15. Qe3 {[%emt 0:00:14]} e5 {[%emt 0:08:54]} 16. Bb5 {[%emt 0:03:03]} Ne7 {[%emt 0:05:21]} 17. f4 exd4 {[%emt 0:22:44]} 18. cxd4 {[%emt 0:07:05]} f5 {[%emt 0:00:12]} 19. dxc5 {[%emt 0:12:53]} Bxe4 {[%emt 0:07:22]} 20. Ng3 {[%emt 0:12:31]} Nd5 {[%emt 0:13:36]} 21. Qd4+ {[%emt 0:09:34]} Nf6 {[%emt 0:00:23]} 22. Qe5 {[%emt 0:00:19]} Qxe5 {[%emt 0:08:16]} 23. fxe5 {[%emt 0:00:06]} Nd5 {[%emt 0:00:39]} 24. e6 {[%emt 0:05:41]} Rf6 {[%emt 0:03:23]} 25. Bd7 {[%emt 0:05:55]} bxc5 {[%emt 0:04:53]} 26. Rxc5 {[%emt 0:00:14]} Ne7 {[%emt 0:00:30]} 27. Nxe4 {[%emt 0:03:43]} fxe4 {[%emt 0:00:12]} 28. Re1 {[%emt 0:01:10]} Rb8 {[%emt 0:01:37]} 29. Rc2 {[%emt 0:04:16]} Nf5 {[%emt 0:03:34]} 30. Rce2 {[%emt 0:03:12]} e3 {[%emt 0:01:33]} 31. g4 {[%emt 0:01:44]} Ne7 {[%emt 0:00:36]} 32. Rxe3 {[%emt 0:00:11]} Rf4 {[%emt 0:00:48]} 33. h3 {[%emt 0:00:51]} Rb2 {[%emt 0:00:28]} 34. Rf1 {[%emt 0:02:53]} Rbb4 {[%emt 0:01:24]} 35. Ra3 {[%emt 0:02:18]} Kf6 {[%emt 0:01:07]} 36. Rxa7 {[%emt 0:01:01]} Rxf1+ {[%emt 0:00:08]} 37. Kxf1 {[%emt 0:00:06]} Rb2 {[%emt 0:00:06]} 38. Ra3 {[%emt 0:00:39]} Ke5 {[%emt 0:02:01]} 39. Re3+ {[%emt 0:00:27]} Kd6 {[%emt 0:00:55]} 40. Re2 {[%emt 0:00:00]} Rb1+ {[%emt 0:00:00]} 41. Kf2 {[%emt 0:01:07]} Rd1 {[%emt 0:02:49]} 42. a4 {[%emt 0:04:54]} Rd3 {[%emt 0:04:29]} 43. Re3 {[%emt 0:01:33]} Rd5 {[%emt 0:01:20]} 44. Ke2 {[%emt 0:03:21]} Rc5 {[%emt 0:02:33]} 45. Ra3 {[%emt 0:02:26]} Ra5 {[%emt 0:01:50]} 46. Rd3+ {[%emt 0:01:53]} Ke5 {[%emt 0:00:48]} 47. Rb3 {[%emt 0:00:48]} Kd6 {[%emt 0:03:51]} 48. Kd2 {[%emt 0:02:03]} Ra7 {[%emt 0:06:38]} 49. Rd3+ {[%emt 0:01:04]} Ke5 {[%emt 0:00:30]} 50. Kc3 {[%emt 0:00:10]} h5 {[%emt 0:02:47]} 51. Kc4 {[%emt 0:01:47]} hxg4 {[%emt 0:00:50]} 52. hxg4 {[%emt 0:00:09]} g5 {[%emt 0:02:10]} 53. Kc5 {[%emt 0:01:23]} Rc7+ {[%emt 0:02:01]} 54. Kb6 {[%emt 0:03:08]} Rc4 {[%emt 0:00:17]} 55. a5 {[%emt 0:00:48]} Rb4+ {[%emt 0:00:35]} 56. Kc7 {[%emt 0:02:19]} Rxg4 {[%emt 0:02:42]} 57. Kd8 {[%emt 0:01:14]} Ng6 {[%emt 0:01:48]} 58. e7 {[%emt 0:00:36]} 0-1

[Event "22nd ETCC Women 2019"]
[Site "Batumi"]
[Date "2019.10.28"]
[Round "5.17"]
[White "Socko, Monika"]
[Black "Milliet, Sophie"]
[Result "1-0"]
[WhiteElo "2417"]
[BlackElo "2400"]
[Annotator "NA"]
[PlyCount "103"]
[EventDate "2019.10.24"]
[EventType "team-tourn"]
[EventCountry "GEO"]
[SourceTitle "playchess.com"]
[Source "ChessBase"]
[SourceQuality "1"]
[WhiteTeam "Poland"]
[BlackTeam "France"]
[WhiteTeamCountry "POL"]
[BlackTeamCountry "FRA"]
[TimeControl "40/5400+30:1800+30"]

1. d4 {[%emt 0:00:00]} Nf6 {[%emt 0:00:00]} 2. c4 {[%emt 0:00:00]} e6 {[%emt 0:00:00]} 3. Nf3 {[%emt 0:00:00]} b6 {[%emt 0:00:07]} 4. Bf4 {[%emt 0:00:00]} Bb4+ {[%emt 0:00:20]} 5. Nfd2 {[%emt 0:01:57]} Nh5 {[%emt 0:00:56]} 6. Bg3 {[%emt 0:00:34]} Nxg3 {[%emt 0:00:21]} 7. hxg3 {[%emt 0:00:05]} c5 {[%emt 0:01:25]} 8. d5 {[%emt 0:05:49]} Qe7 {[%emt 0:02:11]} 9. a3 {[%emt 0:05:05]} Ba5 {[%emt 0:01:09]} 10. Qc2 {[%emt 0:02:44]} h6 {[%emt 0:00:23]} 11. Nc3 {[%emt 0:01:23]} O-O {[%emt 0:02:53]} 12. e4 {[%emt 0:14:29]} Ba6 {[%emt 0:05:35]} 13. O-O-O {[%emt 0:06:48]} Bxc3 {[%emt 0:08:49]} 14. Qxc3 {[%emt 0:04:46]} d6 {[%emt 0:05:54]} 15. Bd3 {[%emt 0:05:32]} Nd7 {[%emt 0:02:50]} 16. f4 {[%emt 0:00:40]} exd5 {[%emt 0:08:24]} 17. exd5 {[%emt 0:00:20]} Rfe8 {[%emt 0:02:56]} 18. Ne4 {[%emt 0:12:05]} b5 {[%emt 0:08:43]} 19. cxb5 {[%emt 0:07:37]} Bb7 {[%emt 0:06:51]} 20. Rhe1 {[%emt 0:03:17]} Rac8 {[%emt 0:01:29]} 21. Bc4 {[%emt 0:05:08]} Nb6 {[%emt 0:00:28]} 22. g4 {[%emt 0:00:23]} Qd7 {[%emt 0:02:44]} 23. g3 {[%emt 0:03:04]} Nxc4 {[%emt 0:13:13]} 24. Qxc4 {[%emt 0:00:06]} Qxg4 {[%emt 0:00:05]} 25. Nxd6 {[%emt 0:04:15]} Rxe1 {[%emt 0:00:04]} 26. Rxe1 {[%emt 0:00:01]} Qxg3 {[%emt 0:00:05]} 27. Re7 {[%emt 0:05:20]} Qg1+ {[%emt 0:11:33]} 28. Kd2 {[%emt 0:00:10]} Rd8 {[%emt 0:00:24]} 29. Nxb7 {[%emt 0:01:26]} Qg2+ {[%emt 0:00:04]} 30. Re2 {[%emt 0:01:24]} Rxd5+ {[%emt 0:00:08]} 31. Kc2 {[%emt 0:00:29]} Qg6+ {[%emt 0:00:26]} 32. Qe4 {[%emt 0:00:15]} Qh5 {[%emt 0:00:42]} 33. Rd2 {[%emt 0:01:53]} Rxd2+ {[%emt 0:02:11]} 34. Kxd2 {[%emt 0:00:02]} Qh2+ {[%emt 0:00:05]} 35. Kc3 {[%emt 0:00:14]} Qg3+ {[%emt 0:00:12]} 36. Kc4 {[%emt 0:00:15]} Qf2 {[%emt 0:01:18]} 37. Nxc5 {[%emt 0:01:20]} Qxb2 {[%emt 0:00:06]} 38. a4 {[%emt 0:02:25]} Qa2+ {[%emt 0:04:57]} 39. Kd4 {[%emt 0:00:05]} h5 {[%emt 0:00:20]} 40. Qd5 {[%emt 0:00:00]} Qf2+ {[%emt 0:00:00]} 41. Ke5 {[%emt 0:03:54]} h4 {[%emt 0:03:59]} 42. Ne4 {[%emt 0:02:32]} Qe1 {[%emt 0:02:06]} 43. Kd6 {[%emt 0:04:57]} Qb4+ {[%emt 0:03:34]} 44. Kc7 {[%emt 0:03:13]} Qxa4 {[%emt 0:11:18]} 45. Qd8+ {[%emt 0:00:19]} Kh7 {[%emt 0:00:01]} 46. Qxh4+ {[%emt 0:00:05]} Kg8 {[%emt 0:00:12]} 47. Qd8+ {[%emt 0:00:06]} Kh7 {[%emt 0:00:03]} 48. Ng5+ {[%emt 0:01:37]} Kg6 {[%emt 0:00:04]} 49. Qd3+ {[%emt 0:01:19]} f5 {[%emt 0:00:12]} 50. Ne6 {[%emt 0:02:28]} Qa5+ {[%emt 0:06:43]} 51. Kd7 {[%emt 0:00:52]} Qe1 {[%emt 0:02:27]} 52. Qd4 {[%emt 0:01:59]} 1-0

[Event "22nd ETCC Women 2019"]
[Site "Batumi"]
[Date "2019.10.28"]
[Round "5.17"]
[White "Machlik, Monika"]
[Black "Exler, Veronika"]
[Result "1/2-1/2"]
[WhiteElo "2159"]
[BlackElo "2222"]
[Annotator "NA"]
[PlyCount "75"]
[EventDate "2019.10.24"]
[EventType "team-tourn"]
[EventCountry "GEO"]
[SourceTitle "playchess.com"]
[Source "ChessBase"]
[SourceQuality "1"]
[WhiteTeam "Norway"]
[BlackTeam "Austria"]
[WhiteTeamCountry "NOR"]
[BlackTeamCountry "AUT"]
[TimeControl "40/5400+30:1800+30"]

1. d4 {[%emt 0:00:00]} d5 {[%emt 0:00:00]} 2. c4 {[%emt 0:00:00]} e6 {[%emt 0:00:00]} 3. Nc3 {[%emt 0:00:00]} Bb4 {[%emt 0:00:00]} 4. cxd5 {[%emt 0:00:42]} exd5 {[%emt 0:00:00]} 5. Nf3 {[%emt 0:00:31]} Nf6 {[%emt 0:00:00]} 6. Qa4+ {[%emt 0:00:35]} Nc6 {[%emt 0:00:01]} 7. Bg5 {[%emt 0:00:26]} h6 {[%emt 0:00:14]} 8. Bxf6 {[%emt 0:00:14]} Qxf6 {[%emt 0:00:07]} 9. e3 {[%emt 0:00:14]} O-O {[%emt 0:07:49]} 10. Be2 {[%emt 0:00:17]} Rd8 {[%emt 0:35:49]} 11. O-O {[%emt 0:01:12]} Be6 {[%emt 0:09:02]} 12. Ne5 {[%emt 0:27:38]} Bxc3 {[%emt 0:08:24]} 13. Nxc6 {[%emt 0:00:42]} Bd7 {[%emt 0:01:43]} 14. bxc3 {[%emt 0:02:45]} Bxc6 {[%emt 0:00:05]} 15. Bb5 {[%emt 0:04:10]} Bxb5 {[%emt 0:05:57]} 16. Qxb5 {[%emt 0:00:05]} b6 {[%emt 0:04:58]} 17. Rac1 {[%emt 0:09:49]} a6 {[%emt 0:03:28]} 18. Qb3 {[%emt 0:10:00]} b5 {[%emt 0:00:11]} 19. a4 {[%emt 0:03:12]} c6 {[%emt 0:00:30]} 20. Ra1 {[%emt 0:01:04]} Rac8 {[%emt 0:05:54]} 21. Ra3 {[%emt 0:02:58]} Rd6 {[%emt 0:01:32]} 22. Rfa1 {[%emt 0:01:05]} Re8 {[%emt 0:00:36]} 23. Qb4 {[%emt 0:02:26]} Qe6 {[%emt 0:10:20]} 24. Qc5 {[%emt 0:07:55]} h5 {[%emt 0:00:59]} 25. Qb6 {[%emt 0:05:33]} Qe4 {[%emt 0:02:22]} 26. Qc7 {[%emt 0:05:04]} Rg6 {[%emt 0:02:03]} 27. g3 {[%emt 0:00:16]} Rf6 {[%emt 0:00:04]} 28. Qd7 {[%emt 0:05:21]} Ree6 {[%emt 0:01:03]} 29. h4 {[%emt 0:03:41]} Rg6 {[%emt 0:00:43]} 30. axb5 {[%emt 0:03:42]} cxb5 {[%emt 0:00:30]} 31. Rxa6 {[%emt 0:01:54]} Rxg3+ {[%emt 0:00:30]} 32. fxg3 {[%emt 0:00:05]} Qxe3+ {[%emt 0:00:06]} 33. Kg2 {[%emt 0:00:25]} Qe2+ {[%emt 0:00:33]} 34. Kg1 {[%emt 0:00:28]} Qe3+ {[%emt 0:00:15]} 35. Kg2 {[%emt 0:00:05]} Qe2+ {[%emt 0:00:35]} 36. Kg1 {[%emt 0:00:08]} Qe3+ {[%emt 0:00:42]} 37. Kg2 {[%emt 0:00:19]} Qe2+ {[%emt 0:00:30]} 38. Kg1 {[%emt 0:00:25]} 1/2-1/2

[Event "22nd ETCC Women 2019"]
[Site "Batumi"]
[Date "2019.10.28"]
[Round "5.18"]
[White "Trippold, Denise"]
[Black "Machlik, Edit"]
[Result "1-0"]
[WhiteElo "2180"]
[BlackElo "2062"]
[Annotator "NA"]
[PlyCount "51"]
[EventDate "2019.10.24"]
[EventType "team-tourn"]
[EventCountry "GEO"]
[SourceTitle "playchess.com"]
[Source "ChessBase"]
[SourceQuality "1"]
[WhiteTeam "Austria"]
[BlackTeam "Norway"]
[WhiteTeamCountry "AUT"]
[BlackTeamCountry "NOR"]
[TimeControl "40/5400+30:1800+30"]

1. d4 {[%emt 0:00:00]} Nf6 {[%emt 0:00:00]} 2. c4 {[%emt 0:00:00]} e6 {[%emt 0:00:19]} 3. Nf3 {[%emt 0:00:00]} Bb4+ {[%emt 0:00:19]} 4. Nbd2 {[%emt 0:00:00]} d6 {[%emt 0:00:54]} 5. e3 {[%emt 0:00:18]} O-O {[%emt 0:00:29]} 6. a3 {[%emt 0:00:21]} Bxd2+ {[%emt 0:00:19]} 7. Qxd2 {[%emt 0:00:24]} Nbd7 {[%emt 0:03:15]} 8. Be2 {[%emt 0:07:10]} e5 {[%emt 0:01:29]} 9. Qc2 {[%emt 0:00:13]} a5 {[%emt 0:05:56]} 10. b3 {[%emt 0:00:16]} Qe7 {[%emt 0:06:08]} 11. Bb2 {[%emt 0:01:00]} Re8 {[%emt 0:19:18]} 12. O-O {[%emt 0:03:31]} exd4 {[%emt 0:18:20]} 13. Nxd4 {[%emt 0:02:05]} Ne5 {[%emt 0:03:13]} 14. h3 {[%emt 0:03:35]} Bd7 {[%emt 0:03:25]} 15. Rfd1 {[%emt 0:04:37]} Nc6 {[%emt 0:05:13]} 16. Nb5 {[%emt 0:03:57]} Rac8 {[%emt 0:02:16]} 17. Nc3 {[%emt 0:05:33]} Ne5 {[%emt 0:03:16]} 18. Nd5 {[%emt 0:23:44]} Nxd5 {[%emt 0:00:21]} 19. cxd5 {[%emt 0:00:45]} c6 {[%emt 0:12:38]} 20. Rac1 {[%emt 0:08:07]} cxd5 {[%emt 0:02:12]} 21. Qd2 {[%emt 0:00:20]} Bc6 {[%emt 0:06:48]} 22. Qd4 {[%emt 0:02:27]} Qf8 {[%emt 0:00:47]} 23. a4 {[%emt 0:01:35]} f6 {[%emt 0:00:49]} 24. Bc3 {[%emt 0:02:35]} Ra8 {[%emt 0:00:16]} 25. Qd2 {[%emt 0:03:05]} b6 {[%emt 0:01:38]} 26. Bxe5 {[%emt 0:00:21]} 1-0

[Event "22nd ETCC Women 2019"]
[Site "Batumi"]
[Date "2019.10.28"]
[Round "5.19"]
[White "Cyfka, Karina"]
[Black "Skripchenko, Almira"]
[Result "1/2-1/2"]
[WhiteElo "2412"]
[BlackElo "2403"]
[Annotator "NA"]
[PlyCount "60"]
[EventDate "2019.10.24"]
[EventType "team-tourn"]
[EventCountry "GEO"]
[SourceTitle "playchess.com"]
[Source "ChessBase"]
[SourceQuality "1"]
[WhiteTeam "Poland"]
[BlackTeam "France"]
[WhiteTeamCountry "POL"]
[BlackTeamCountry "FRA"]
[TimeControl "40/5400+30:1800+30"]

1. d4 {[%emt 0:00:00]} Nf6 {[%emt 0:00:00]} 2. c4 {[%emt 0:00:00]} e6 {[%emt 0:00:01]} 3. Nf3 {[%emt 0:00:00]} Bb4+ {[%emt 0:00:51]} 4. Bd2 {[%emt 0:00:23]} Qe7 {[%emt 0:00:36]} 5. g3 {[%emt 0:02:56]} Nc6 {[%emt 0:02:02]} 6. e3 {[%emt 0:08:26]} d5 {[%emt 0:07:01]} 7. Bg2 {[%emt 0:16:37]} Bxd2+ {[%emt 0:20:27]} 8. Nbxd2 {[%emt 0:12:05]} dxc4 {[%emt 0:14:15]} 9. O-O {[%emt 0:10:05]} e5 {[%emt 0:09:10]} 10. dxe5 {[%emt 0:03:26]} Nxe5 {[%emt 0:05:43]} 11. Nxe5 {[%emt 0:00:09]} Qxe5 {[%emt 0:00:03]} 12. Qa4+ {[%emt 0:06:21]} Bd7 {[%emt 0:05:20]} 13. Qb4 {[%emt 0:06:22]} Qb5 {[%emt 0:03:29]} 14. Qxb5 {[%emt 0:07:54]} Bxb5 {[%emt 0:00:05]} 15. Rfc1 {[%emt 0:00:04]} O-O-O {[%emt 0:06:20]} 16. Nxc4 {[%emt 0:00:09]} Bxc4 {[%emt 0:01:31]} 17. Rxc4 {[%emt 0:00:04]} Rd2 {[%emt 0:00:05]} 18. Rac1 {[%emt 0:05:19]} c6 {[%emt 0:06:12]} 19. b4 {[%emt 0:02:47]} Kb8 {[%emt 0:00:04]} 20. a4 {[%emt 0:00:52]} Rhd8 {[%emt 0:01:21]} 21. Bf3 {[%emt 0:00:15]} a6 {[%emt 0:02:02]} 22. b5 {[%emt 0:01:37]} axb5 {[%emt 0:04:11]} 23. axb5 {[%emt 0:00:09]} cxb5 {[%emt 0:00:03]} 24. Rb4 {[%emt 0:10:01]} Rc8 {[%emt 0:02:21]} 25. Rxc8+ {[%emt 0:00:28]} Kxc8 {[%emt 0:00:04]} 26. Rxb5 {[%emt 0:00:03]} Rd7 {[%emt 0:00:07]} 27. e4 {[%emt 0:00:50]} Rc7 {[%emt 0:00:20]} 28. e5 {[%emt 0:02:10]} Nd7 {[%emt 0:00:30]} 29. Bg4 {[%emt 0:00:41]} Kd8 {[%emt 0:01:03]} 30. f4 {[%emt 0:02:05]} Ke7 {[%emt 0:01:50]} 1/2-1/2

[Event "22nd ETCC Women 2019"]
[Site "Batumi"]
[Date "2019.10.28"]
[Round "5.19"]
[White "Kyrkjebo, Hanna B."]
[Black "Novkovic, Julia"]
[Result "1-0"]
[WhiteElo "1949"]
[BlackElo "2146"]
[Annotator "TA"]
[PlyCount "181"]
[EventDate "2019.10.24"]
[EventType "team-tourn"]
[EventCountry "GEO"]
[SourceTitle "playchess.com"]
[Source "ChessBase"]
[SourceQuality "1"]
[WhiteTeam "Norway"]
[BlackTeam "Austria"]
[WhiteTeamCountry "NOR"]
[BlackTeamCountry "AUT"]

{[%evp 13,181,39,43,43,60,0,0,3,34,36,37,43,56,39,37,35,42,34,74,47,62,70,101,41,82,80,110,98,104,0,107,87,96,64,77,0,24,-5,0,0,8,8,5,5,5,0,0,0,0,0,0,0,8,3,3,0,0,-15,-8,-37,29,29,29,8,13,0,83,0,345,323,472,427,510,145,352,83,342,326,320,295,300,295,322,336,282,281,250,180,290,266,330,295,367,350,390,378,368,341,383,240,414,399,389,231,400,297,380,376,359,355,360,146,350,306,306,63,63,32,32,32,33,32,167,31,321,264,239,231,232,232,408,400,400,400,399,399,1106,1466,1333,431,1708,1603,1420,1375,942,430,6268,4775,4134,1954,29977,29974,29979,29980,29993,29981,29981,29982,29982,29983,29982,29982,29992,29993,29995,29996,29996,29997,29997,29992]} 1. e4 c5 2. Nf3 a6 3. c3 d5 4. exd5 Qxd5 5. d4 Nf6 6. Be2 e6 7. O-O Nc6 8. Bf4 {B28: Sicilian: 2 Nf3 a6 (O'Kelly Variation)} (8. Be3 cxd4 9. Nxd4 Nxd4 10. Bxd4 Bc5 11. Bf3 Qd6 12. Na3 Bxd4 13. Qxd4 Qxd4 14. cxd4 Rb8 15. Rac1 b5 16. Rc7 O-O 17. Rfc1 {½-½ (59) Goganov,A (2576)-Romanov,E (2628) Yaroslavl 2018}) 8... Be7 9. h3 (9. Ne5 $14) 9... O-O $11 10. dxc5 $146 {The position is equal.} ({Predecessor:} 10. Bh2 Rd8 11. Bc7 Rd7 12. Bb6 cxd4 13. cxd4 e5 14. Nc3 Qe6 15. Qa4 Nxd4 16. Nxd4 Qxb6 {½-½ (25) Poscic,M (1840)-Machiroux,B (1746) Houffalize 2011}) 10... Qxd1 11. Rxd1 Bxc5 12. Nbd2 Re8 13. Ne5 Nd5 14. Bg3 Nxe5 15. Bxe5 f6 16. Bg3 Be7 17. Bf3 Rd8 18. Nb3 (18. Nc4 $16) 18... g5 19. Na5 Ra7 20. Bb8 Ra8 21. Bg3 Ra7 $1 22. c4 Nf4 23. a3 Kf8 24. b4 (24. Bxf4 $16 gxf4 25. c5) 24... b6 25. Nc6 (25. Rxd8+ {is more complex.} Bxd8 26. Nc6 Rd7 27. a4 Bc7 28. a5) 25... Rxd1+ 26. Rxd1 Rd7 27. Rxd7 Bxd7 28. Nxe7 Kxe7 {[%mdl 4096] Endgame KBB-KBN} 29. Kf1 a5 30. Be4 axb4 31. axb4 h6 32. f3 Kd6 33. Bf2 f5 34. Bc2 b5 35. Bb3 Nd3 36. Be1 Ke5 (36... Nxe1 $15 37. Kxe1 bxc4 38. Bxc4 Ke5) 37. Bc3+ Kf4 $1 38. c5 Ke3 39. Bc2 Nc1 (39... Nf4 $11) 40. Bb1 (40. Bg7 $16) 40... Nb3 $2 {[%mdl 8192]} (40... Nd3 $11 {and Black stays safe.}) 41. Ke1 $18 e5 (41... Bc6 $142 42. Bb2 g4 43. hxg4 (43. fxg4 Bxg2 44. gxf5 exf5 $18) 43... fxg4 44. fxg4 Bxg2) 42. Bc2 Be6 43. Bxe5 $2 (43. c6 $18 {is the precise move to win.}) 43... Nd4 $2 {[#]} (43... Nc1 $16 {might work better.}) 44. Bb1 $2 (44. Bxd4+ $1 $18 Kxd4 45. g4) 44... Bd7 $2 {[%mdl 8192]} (44... Nc6 $16 45. Bc3 h5) 45. Bg7 h5 46. Bh6 Nc6 47. Bxg5+ f4 48. Bh4 {[%csl Ge1][%cal Rh4f2]} Kd4 49. Bg6 Nxb4 50. Bf2+ Kd5 (50... Kc3 {is a better defense.} 51. Ke2 (51. Bxh5 Nd3+ 52. Ke2 Nxf2 $16) 51... Nc2) 51. Kd2 Nc6 52. Bf7+ ({Much less strong is} 52. Bxh5 $6 Ne5 $18) 52... Ke5 53. Bxh5 Kf6 54. Bg4 Be8 55. Kc3 Ke5 56. g3 fxg3 $2 (56... b4+ 57. Kb2 fxg3 58. Bxg3+ Kd5) 57. Bxg3+ Kd5 58. Bf2 (58. Bd6 $142) 58... Ke5 $2 (58... Ne5 59. Bf5 Nxf3) 59. Be3 Bf7 60. Bd7 b4+ 61. Kb2 Kd5 {Black hopes to continue with ...Ne5.} 62. h4 (62. f4 $18 {has better winning chances.}) 62... Na5 $2 (62... Ne5 $16 {keeps fighting.}) 63. Bb5 Bh5 64. Be2 $2 ({White should try} 64. Bg1 $18) 64... Nb7 $1 $14 65. Kb3 (65. c6 $5 Kxc6 66. Kb3 $16) 65... Nxc5+ 66. Kxb4 Nd7 $1 67. Ba6 Ke6 {[#]} (67... Ne5 $1 $14) 68. Bb7 (68. f4 $1 $18) 68... Nf6 $2 {[%mdl 8192]} ({Black should play} 68... Ne5 $1 $14) 69. Kc4 Ke5 70. Kd3 Nd5 71. Bd4+ Ke6 $2 (71... Kd6 72. Ke2 Ne7) 72. Bc8+ $18 Kf7 73. Ke4 Ne7 74. Bg4 Bg6+ $2 (74... Kg6 75. Be6 Nc6) 75. Kf4 Bd3 76. h5 (76. Kg5 $142 Nc6 77. Bf6) 76... Nc6 (76... Nd5+ $142 77. Ke5 Nc7) 77. Bc3 Ne7 78. Kg5 Nd5 79. Bd4 (79. Ba1 $142 Nc7 80. Bf5 Ne6+ 81. Kg4) 79... Ne7 (79... Nc7 $142 80. Be5 Ne6+ 81. Kh4 Bh7) 80. h6 Bh7 81. f4 Nd5 82. Bh5+ {White mates.} Kf8 83. f5 Bg8 84. Bg6 Ke7 85. h7 Bxh7 86. Bxh7 Kf7 87. Bg6+ Kf8 88. f6 Kg8 89. f7+ Kf8 90. Bc5+ Ne7 91. Bxe7+ {Accuracy: White = 43%, Black = 35%.} 1-0

[Event "22nd ETCC Women 2019"]
[Site "Batumi"]
[Date "2019.10.28"]
[Round "5.20"]
[White "Navrotescu, Andreea-Cristiana"]
[Black "Sliwicka, Alicja"]
[Result "0-1"]
[WhiteElo "2241"]
[BlackElo "2307"]
[Annotator "NA"]
[PlyCount "88"]
[EventDate "2019.10.24"]
[EventType "team-tourn"]
[EventCountry "GEO"]
[SourceTitle "playchess.com"]
[Source "ChessBase"]
[SourceQuality "1"]
[WhiteTeam "France"]
[BlackTeam "Poland"]
[WhiteTeamCountry "FRA"]
[BlackTeamCountry "POL"]
[TimeControl "40/5400+30:1800+30"]

1. d4 {[%emt 0:00:00]} Nf6 {[%emt 0:00:00]} 2. c4 {[%emt 0:00:00]} c5 {[%emt 0:00:00]} 3. d5 {[%emt 0:00:00]} b5 {[%emt 0:00:00]} 4. cxb5 {[%emt 0:00:00]} a6 {[%emt 0:00:03]} 5. bxa6 {[%emt 0:00:00]} g6 {[%emt 0:00:08]} 6. Nc3 {[%emt 0:00:04]} Bg7 {[%emt 0:00:16]} 7. e4 {[%emt 0:00:33]} O-O {[%emt 0:00:28]} 8. e5 {[%emt 0:00:22]} Ne8 {[%emt 0:00:25]} 9. h4 {[%emt 0:00:06]} d6 {[%emt 0:17:10]} 10. e6 {[%emt 0:02:06]} fxe6 {[%emt 0:09:03]} 11. Nf3 {[%emt 0:06:19]} Nf6 {[%emt 0:02:56]} 12. Bc4 {[%emt 0:02:42]} Nbd7 {[%emt 0:04:57]} 13. dxe6 {[%emt 0:20:08]} Nb6 {[%emt 0:01:10]} 14. Bd3 {[%emt 0:01:29]} Bxe6 {[%emt 0:02:28]} 15. Ng5 {[%emt 0:05:30]} Qd7 {[%emt 0:05:47]} 16. Nxe6 {[%emt 0:08:19]} Qxe6+ {[%emt 0:00:10]} 17. Qe2 {[%emt 0:00:08]} Qxe2+ {[%emt 0:01:54]} 18. Bxe2 {[%emt 0:01:05]} d5 {[%emt 0:02:27]} 19. a4 {[%emt 0:08:19]} c4 {[%emt 0:03:57]} 20. a5 {[%emt 0:01:01]} Rxa6 {[%emt 0:04:51]} 21. Ra3 {[%emt 0:01:29]} Nbd7 {[%emt 0:04:37]} 22. b3 {[%emt 0:18:59]} Ne5 {[%emt 0:04:57]} 23. f4 {[%emt 0:05:30]} Nd3+ {[%emt 0:01:01]} 24. Bxd3 {[%emt 0:00:06]} cxd3 {[%emt 0:00:05]} 25. b4 {[%emt 0:02:59]} Re6+ {[%emt 0:01:16]} 26. Kf2 {[%emt 0:03:22]} Rc8 {[%emt 0:04:09]} 27. Kf3 {[%emt 0:01:29]} Ne4 {[%emt 0:05:53]} 28. Nb1 {[%emt 0:04:34]} Rc2 {[%emt 0:06:26]} 29. Rxd3 {[%emt 0:02:20]} Rf2+ {[%emt 0:01:12]} 30. Kg4 {[%emt 0:01:38]} Rxg2+ {[%emt 0:01:25]} 31. Kh3 {[%emt 0:00:32]} Ra2 {[%emt 0:01:18]} 32. Rf3 {[%emt 0:00:52]} Nf2+ {[%emt 0:01:22]} 33. Rxf2 {[%emt 0:00:04]} Rxf2 {[%emt 0:00:04]} 34. Rd1 {[%emt 0:02:21]} Ree2 {[%emt 0:04:15]} 35. Kg3 {[%emt 0:00:16]} Rg2+ {[%emt 0:02:11]} 36. Kf3 {[%emt 0:00:04]} Ref2+ {[%emt 0:02:02]} 37. Ke3 {[%emt 0:00:05]} Ra2 {[%emt 0:03:15]} 38. Kf3 {[%emt 0:01:06]} Rh2 {[%emt 0:00:46]} 39. Kg3 {[%emt 0:01:21]} Rhc2 {[%emt 0:01:32]} 40. Be3 {[%emt 0:00:00]} d4 {[%emt 0:00:00]} 41. Bxd4 {[%emt 0:06:30]} Bxd4 {[%emt 0:01:15]} 42. Rxd4 {[%emt 0:00:03]} Rcb2 {[%emt 0:01:15]} 43. Kf3 {[%emt 0:06:33]} Rxb1 {[%emt 0:00:37]} 44. Ke3 {[%emt 0:00:14]} Ra4 {[%emt 0:00:51]} 0-1